Statistiken für Dänemark-Quiz

Klicken Sie hier um das Quiz zu spielen!

Allgemein

  • Dieses Quiz wurde 2.708 mal gespielt
  • Das Durchschnittsergebnis liegt bei 14 aus 24

Antwortstatistiken

FrageAntwort% Korrekt
HauptstadtKopenhagen
100%
AmtsspracheDänisch
98%
WährungKrone
96%
NachbarlandDeutschland
95%
Hersteller von bunten SpielsteinenLego
95%
Dänemark grenzt an diese beiden Meere{Nord}see
92%
Dänemark grenzt an diese beiden Meere{Ost}see
91%
Territorium, das die größte Insel der Welt istGrönland
89%
Umstrittene Aktivität, die um die obigen Inseln herum durchgeführt wird{Wal}fang
81%
Statue im Hafen der HauptstadtKleine {Meerjungfrau}
78%
Inselgruppe im NordatlantikFäröer-Inseln
62%
Berühmtester MärchenautorHans Christian
Andersen
60%
Halbinsel, die den kontinentalen Teil Dänemarks abdecktJütland
59%
Shakespeare-Stück, das sich in Dänemark abspieltHamlet
55%
Zweitgrößte StadtAarhus
44%
Freizeitpark, 1843 eröffnetTivoli
37%
Weltweit beliebteste BiermarkeCarlsberg
33%
Insel, auf der sich die Hauptstadt befindetSeeland
32%
Wichtigste Konfession des ChristentumsLutherisch
30%
Aktueller MonarchMargrethe II
30%
Nachname der Fußball-Brüder Michael und BrianLaudrup
29%
"Freier" Bezirk der Hauptstadt,
der u.a. Kannabis legalisiert
Christiania
25%
Entdecker, nach dem ein Seeweg benannt wurdeVitus Bering
19%
Existentieller PhilosophSøren Kierkegaard
13%

Verteilung der Resultate

Perzentil nach korrekt beantworteten Fragen

Anzahl Personen mit jedem Resultat

Ihre Resultats-Entwicklung

Sie haben dieses Quiz noch nicht gespielt